Business Finance
| Main Author: | |
|---|---|
| Format: | Book |
| Published: |
London :
Longman Group Ltd ,
1981
|
| Subjects: |
MARC
| LEADER | 00000cam a2200000 7i4500 | ||
|---|---|---|---|
| 001 | 0000008128 | ||
| 005 | 20161102.0 | ||
| 020 | |a 058229734 | ||
| 040 | |a INS | ||
| 090 | 0 | 0 | |a HG4026 |b O45 1981 |
| 100 | 1 | |a Ogley, Brian | |
| 245 | 0 | 0 | |a Business Finance |c Brian Ogley |
| 260 | |a London : |b Longman Group Ltd , |c 1981 | ||
| 650 | 0 | |a Industrial management | |
| 650 | 0 | 0 | |a Corporations |x Finance |
| 999 | |a 0000024115 |b BOOK |c Open Shelf |e Default branch | ||